| 000 | 01207nam a2200229Ia 4500 | ||
|---|---|---|---|
| 001 | L201-2731 | ||
| 003 | IT-CnALBA | ||
| 008 | 170116s9999||||xx |||||||||||||| ||und|| | ||
| 040 |
_aIT-CnALBA _cIT-CnALBA |
||
| 041 | _aITALIANO | ||
| 100 | _aGIORDANI IGINO | ||
| 245 | 0 | _aLA PRIMA POLEMICA CRISTIANA. APOLOGETI DEL SECONDO SECOLO. | |
| 250 | _a2a ed. | ||
| 260 |
_a BRESCIA _bMORCELLIANA EDITRICE _c1943 [1° Ed.: n.d.] |
||
| 300 | _a222 p. | ||
| 500 | _aPOLEMICA. ANTITESI. CRISTIANESIMO E MONDO. CRISTIANI E PAGANI. MONOTEISMO E POLITEISMO. ANGELI E DEMONI. FEDE E FILOSOFIA. CHIESA E STATO. CRISTIANI E GIUDEI. ORTODOSSIA E GNOSTICISMO. POLEMISTI. GIUSTINO TAZIANO ATENAGORA TEOFILO. APOLOGETI MINORI. INDIC | ||
| 501 | _aSocietà San Paolo EM - Piazza San Paolo, 14 - 12051 ALBA (CN) (non commercial uses only) ® Copyright 2017 | ||
| 520 | _aPOLEMICA. ANTITESI. CRISTIANESIMO E MONDO. CRISTIANI E PAGANI. MONOTEISMO E POLITEISMO. ANGELI E DEMONI. FEDE E FILOSOFIA. CHIESA E STATO. CRISTIANI E GIUDEI. ORTODOSSIA E GNOSTICISMO. POLEMISTI. GIUSTINO TAZIANO ATENAGORA TEOFILO. APOLOGETI MINORI. INDIC | ||
| 650 | _aSTORIA E FILOSOFIA SUL CRISTIANESIMO | ||
| 942 | _cBK | ||
| 957 | _71 | ||
| 999 |
_a3711 _bSI _g Copie: 1 _c261919 _d261919 |
||